| 000 | 00369nam a22001451a 4500 | ||
|---|---|---|---|
| 082 |
_aM3 _bVIN/I |
||
| 100 |
_aVinodh V _9106699 |
||
| 245 |
_aIndraprastham/ _cby Vinodh V |
||
| 260 |
_aKozhikode: _bNobel Books, _c1999. |
||
| 300 | _a208p. | ||
| 650 |
_aNovel Malayalam _9106700 |
||
| 650 |
_aLiterature Malayalam _9106701 |
||
| 650 |
_aLiterature _9106702 |
||
| 942 | _cBK | ||
| 999 |
_c20039 _d20039 |
||